000 00484nam a2200145 a 4500
001 000036299
005 20200930075644.0
008 120112s1987 mx 000 0 spa d
040 _aDO-SdBNP
_bspa
_cBNPHU
082 _axxx
_bG464f
100 1 _aGilbert, Lucia Albino
_962436
245 1 3 _aLa familia en la que ambos conyuges tienen una carrera :
_bRealidades actuales y perspectivas futuras /
_cLucia Albino Gilbert.
260 _aMéxico :
_bNoema,
_c1987.
300 _a262 p. ;
_c21 cm.
999 _c35790
_d35790